[Event "ECU-chT U20"]
[Site "Carpuela"]
[Date "2014.05.03"]
[Round "2.2"]
[White "Chiliquinga Zambrano, Hamilton"]
[Black "Gonzalez Mateo, Alfredo Xavier"]
[Result "1/2-1/2"]
[WhiteElo "1606"]
[BlackElo "1559"]
[PlyCount "23"]
[EventDate "2014.05.03"]
[EventType "team-swiss"]
[EventRounds "7"]
[EventCountry "ECU"]
[SourceTitle "CBM 160 Extra"]
[Source "ChessBase"]
[SourceDate "2014.07.01"]
[SourceVersion "1"]
[SourceVersionDate "2014.07.01"]
[SourceQuality "1"]
[WhiteTeam "Cotopaxi"]
[BlackTeam "Santa Elena"]
[WhiteTeamCountry "ECU"]
[BlackTeamCountry "ECU"]

1. e4 c5 2. Nf3 Nc6 3. d4 cxd4 4. Nxd4 Nf6 5. Nc3 e5 6. Nb3 d6 7. f3 Be7 8. Be3 Be6 9. Qd2 d5 10. exd5 Nxd5 11. 0-0-0 Nxe3 12. Qxe3 1/2-1/2